Venecia y Amsterdam. Estudio sobre las élites del siglo XVII

Сохранить в:
Библиографические подробности
Главный автор: Burke, Peter (Автор)
Формат:
Язык:испанский
Опубликовано: Barcelona, España Gedisa 1996
Серии:Cladema. Historia
Предметы:
Метки: Добавить метку
Нет меток, Требуется 1-ая метка записи!

MARC

LEADER 00000cam a2200000 a 4500
001 UCO8717
003 CL-VaPUC
005 20241212112531.0
008 001221e19960000SP |||||||||||||||||spa|d
999 |c 293187  |d 293185 
020 |a 9788474325904 
040 |c Pontificia Universidad Católica de Valparaíso 
082 0 4 |a 305.52 BUR 1996  |2 21 
100 0 |a Burke, Peter  |e author  |9 453553 
245 1 0 |a Venecia y Amsterdam.  |b Estudio sobre las élites del siglo XVII 
260 |a Barcelona, España   |b Gedisa  |c 1996 
300 |a 215 páginas  
440 |a Cladema. Historia  |9 860938 
500 |a c.3 Donación VRA- N. Vásquez L. 
583 |a last modification  |c 20181217 11:30:37  |k Rodrigo Vera 
650 0 |a Estratificación social  |9 337692 
650 7 |a ESTRUCTURA SOCIAL  |2 CL-VaPUC  |9 453554 
650 0 |a Historia   |y Siglo 17  |9 255532 
651 7 |a AMSTERDAM  |2 CL-VaPUC  |9 328720 
651 0 |a Italia  |9 254949 
651 7 |a VENECIA  |2 CL-VaPUC  |9 268373 
942 |c BK  |2 ddc 
945 |d 20001221 00:00:00  |a vberengu 
952 |0 0  |1 0  |4 0  |6 305_520000000000000_BUR_1996  |7 0  |8 A  |9 344522  |a BIBHIS  |b BIBHIS  |d 2019-11-20  |i 3675505  |l 12  |m 8  |o 305.52 BUR 1996  |p 3675505  |r 2025-01-20  |s 2023-05-24  |w 2019-11-20  |y BK  |k HIS 
952 |0 0  |1 0  |3 erb  |4 0  |6 305_520000000000000_BUR_1996  |7 0  |8 A  |9 344523  |a BIBCUR  |b BIBCUR  |i 5524288  |o 305.52 BUR 1996  |p 5524288  |r 2025-04-22  |w 2019-11-20  |y BK  |z Catalogado en:20181220  |k PER 
952 |0 0  |1 0  |2 ddc  |4 0  |6 305_520000000000000_BUR_1996  |7 0  |8 A  |9 577820  |a BIBHIS  |b BIBHIS  |d 2021-05-20  |i 5621348  |o 305.52 BUR 1996  |p 5621348  |r 2025-01-20  |t 3  |w 2021-05-20  |y BK  |k HIS